000 00453pab a2200157 454500
008 180718b2005 xxu||||| |||| 00| 0 eng d
100 _aGhosal, Ratan Kumar
245 _aState and transformation on rural workforce structure in West Bengal, 1961-2001
260 _c2005
300 _ap.959-80.
362 _aOct-Dec
650 _aWorkers - India - West Bengal
650 _aWorkers
773 _aIndian Journal of Labour Economics
909 _a68917
999 _c68917
_d68917